| 000 | 01965nam a2200301 a 4500 | ||
|---|---|---|---|
| 001 | 000000199 | ||
| 003 | DO-SdBNP | ||
| 005 | 20180216101910.0 | ||
| 007 | 000000199 | ||
| 008 | 081124s2007 dr a 001 0 spa d | ||
| 020 | _a9789945406542 | ||
| 040 |
_aBPMSU _bspa _cBPMSU |
||
| 092 |
_aCu863.2 _bM378e, 2007 |
||
| 100 | 1 |
_aMartí, José, _d1853-1895 |
|
| 245 | 1 | 3 |
_aLa edad de oro / _cJosé Martí. |
| 250 | _a5a ed. | ||
| 260 |
_aSanto Domingo : _bTobogán, _c2007. |
||
| 300 |
_a233 p. : _bil. ; _c27 cm. |
||
| 490 | 1 |
_aBiblioteca Juvenil Tobogán _v6 |
|
| 500 | _a"Este libro está formado con los cuatro números de la revista La edad de oro, que Martí escribió para los niños de América. La revista se publicó en Nueva York, en los meses de julio, agosto, septiembre y octubre del año 1889. Los grabados son reproducción de los originales de la revista." | ||
| 505 | 0 |
_gPrimer número. _tA los niños que lean La Edad de Oro -- _tTres héroes -- _tDos milagros -- _tMeñique -- _tCada uno a su oficio -- _tLa Ilíada, de Homero -- _tUn juego nuevo y otros viejos -- _tBebé y el señor don Pomposo -- _tLa última página -- _gSegundo número. _tLa historia del hombre contada por sus casas -- _tLos dos príncipes -- _tNené traviesa -- _tLa perla de la mora -- _tLas ruinas indias -- _tMúsicos, poetas y pintores -- _tLa última página -- _gTercer número. _tLa exposición de París -- _tEl camarón encantado -- _tEl padre las Casas -- _tLos zapaticos de rosa -- _tLa última página -- _gCuarto número. _tUn paseo por la tierra de los anamitas -- _tHistoria de la cuchara y el tenedor -- _tLa muñeca negra -- _tCuentos de elefantes -- _tLos dos ruiseñores -- _tLa galería de las máquinas -- _tLa última página. |
|
| 650 | 4 | _aCUENTOS INFANTILES CUBANOS | |
| 650 | 4 | _aLITERATURA INFANTIL CUBANA | |
| 830 | 0 |
_aBiblioteca Juvenil Tobogán _v6 |
|
| 910 | _aValidado. Control de calidad BNPHU | ||
| 942 |
_2ddc _cBK |
||
| 956 |
_aVMATEO _b10 _c20151002 _lBPMSU _h0069 |
||
| 999 |
_c7319 _d7319 |
||